000 00295nam a22001337a 4500
008 180927b xxu||||| |||| 00| 0 eng d
020 _a9780815124474
041 _aeng
080 _a610
100 _a3
101 _aSHM
245 _aSurviving In Health Care
_cEnzman D.R
942 _2udc
_cBK
999 _c48542
_d48542